000 00464nam a2200193Ia 4500
003 GCL
005 20240530100258.0
008 140319s9999 xx 000 0 eng d
040 _aGCL /
_cGCL
082 0 4 _a792
_bM S
100 1 _aMACHLIN, EVANGELLINE
245 1 0 _aSPEECH FOR THE STAGE /
_cMACHLIN, EVANGELLINE
260 _a[S.N] :
_bROUTLEDGE ،
_c1992
300 _a254 P
650 0 4 _aARTS
650 0 4 _aTHEATER
650 0 4 _aSTAGE
942 _2ddc
_cBK
999 _c15974
_d15974